000 00617cam a22002173a 4500
001 40179
003 PGUSA
005 20140828083909.0
008 120710s2012||||xxu|||||s|||||000 | eng d
040 _aPGUSA
_beng
042 _adc
100 1 _aSpeed, Nell,
_d1878-1913
245 1 4 _aThe Carter Girls' Week-End Camp
_h[electronic resource] /
_cNell Speed
260 _bProject Gutenberg,
_c2012
506 _aPublic domain in the USA.
516 _aElectronic text
700 1 _aScott, A. O.
_q(Arthur O.)
830 0 _aProject Gutenberg
_v40179
856 4 0 _uhttp://www.gutenberg.org/ebooks/40179
942 _cEB
999 _c269432
_d269432